[Event "Kragero Resort Chess A 2019"]
[Site "Kragero"]
[Date "2019.02.22"]
[Round "4.2"]
[White "Ragnarsson, Dagur"]
[Black "Vrolijk, Liam"]
[Result "1-0"]
[WhiteElo "2361"]
[BlackElo "2470"]
[Annotator "TA"]
[PlyCount "95"]
[EventDate "2019.02.20"]
[EventType "swiss"]
[EventCountry "NOR"]
[SourceTitle "playchess.com"]
[Source "ChessBase"]
[SourceQuality "1"]

{[%evp 20,95,5,-2,12,8,12,16,12,0,0,11,23,19,19,19,19,-17,14,17,87,64,150,137,124,75,127,115,145,56,61,61,80,75,75,75,77,75,78,33,66,60,66,66,106,0,0,-22,0,0,0,-49,0,-44,-38,-38,0,-16,-16,-67,-58,-90,-62,-85,-86,-76,-47,-100,122,0,80,84,52,52,321,0,1578,1545]} 1. Nf3 Nf6 2. c4 e6 3. g3 b6 4. Bg2 Bb7 5. O-O Be7 6. d4 O-O 7. Nc3 Ne4 8. Bd2 f5 9. d5 Bf6 10. Rc1 Na6 {[%cal Bb8a6,Ba6c5,Bc5e4][%mdl 32]} 11. Ne1 Nac5 {E18: Queen's Indian: Old Main Line (4 g3 Bb7 5 Bg2 Be7 6 0-0 0-0 7 Nc3)} 12. b4 Nxc3 13. Bxc3 Ne4 {The position is equal.} 14. Bxf6 Qxf6 15. f3 Ng5 16. f4 (16. h4 Nf7 17. Qd2 e5 18. Nd3 a5 19. a3 axb4 20. axb4 {0-1 (30) Tazbir,M (2516)-Hernandez Carmenates,H (2524) Las Vegas 2015}) 16... Ne4 17. Bxe4 $146 ({Predecessor:} 17. Nd3 exd5 18. cxd5 Qd6 19. Ne5 {½-½ (79) Bratchenko,A (2342)-Iliushkin,E (2405) Novgorod 1999}) 17... fxe4 18. Ng2 a5 19. b5 e5 (19... d6 $11 {keeps the balance.}) 20. Qc2 $16 c6 (20... exf4 $14 21. Qxe4 Rae8) 21. dxc6 dxc6 22. Qxe4 exf4 (22... Rae8 $142) 23. Rxf4 Qd6 24. Rcf1 (24. c5 $16 bxc5 25. Qc4+ Kh8 26. b6 (26. Qxc5 Qxc5+ 27. Rxc5 cxb5 $16)) 24... Rxf4 $14 25. Nxf4 Qd7 26. bxc6 Bxc6 27. Qd3 Qe7 28. Qd4 Re8 29. Rc1 (29. Qxb6 Qe4 $11) 29... Qa3 30. Rc2 Qb4 {[%cal Rb4e1]} 31. Nd3 Qe7 32. c5 ({White should try} 32. Rb2 $16) 32... b5 $11 33. h4 Rd8 34. Qe5 Qd7 $36 {[%mdl 2048] Black has some pressure.} 35. Nf2 Qf7 {[%mdl 1024] Black has compensation.} 36. e4 b4 37. Qg5 Re8 38. Rd2 h6 39. Qe3 (39. Qf4 $11) 39... a4 $15 40. Rd6 Rc8 41. Ng4 {Ne5 is the strong threat.} b3 (41... Qxa2 $6 42. Nxh6+ $1 {[%mdl 512]} Kh8 43. Nf5 $11) 42. axb3 axb3 43. Qd4 (43. Rf6 $15 Qb7 44. Nxh6+ Kh7 45. Rf7) 43... Rf8 $2 {[#]} (43... Qb7 $17 {stays on course. Hoping for ...b2.} 44. Qb2 Qb4) 44. Rf6 ({Of course not} 44. Rxc6 $6 Qf1+ 45. Kh2 Qe2+ 46. Kh3 Qf1+ 47. Kh2 Qe2+ 48. Kh3 Qf1+ 49. Kh2 $11) (44. Nf6+ $1 $16 {[%mdl 512]} Kh8 (44... gxf6 45. Rxc6) 45. Rxc6) 44... Qd7 (44... Qe8 $11 45. Qc4+ Kh7 46. Rxf8 Qxf8 47. Qxb3 Qxc5+ 48. Kh2 h5) 45. Qc4+ $16 {[%mdl 64] Double Attack} Rf7 46. Qxb3 Qd4+ $2 {[%mdl 8192]} (46... Bxe4 $14 47. Rxf7 (47. Ne5 Qd4+ 48. Kf1 Bd5 $11) 47... Qxf7 48. Qxf7+ Kxf7) 47. Kh2 $2 (47. Rf2 $18 Be8 48. Qd5 Qxd5 49. exd5) 47... Qd2+ $2 {[%mdl 8192]} (47... gxf6 $11 48. Nxh6+ {[%mdl 64] Double Attack} Kh7 49. Qxf7+ Kxh6) 48. Rf2 $1 {Accuracy: White = 41%, Black = 35%.} ({Don't blunder} 48. Kh3 $2 gxf6 49. Qe3 Qxe3 $19) 1-0

[Event "Kragero Resort Chess A 2019"]
[Site "Kragero"]
[Date "2019.02.22"]
[Round "4.3"]
[White "Urkedal, Frode Olav Olsen"]
[Black "Beerdsen, Thomas"]
[Result "0-1"]
[WhiteElo "2522"]
[BlackElo "2454"]
[Annotator "RC"]
[PlyCount "96"]
[EventDate "2019.02.20"]
[EventType "swiss"]
[EventCountry "NOR"]
[SourceTitle "playchess.com"]
[Source "ChessBase"]
[SourceQuality "1"]
[TimeControl "5400+30"]

1. d4 {[%emt 0:00:00]} f5 {[%emt 0:04:51]} 2. Bg5 {[%emt 0:00:00]} h6 {[%emt 0:00:04]} 3. Bh4 {[%emt 0:00:00]} g5 {[%emt 0:00:06]} 4. e3 {[%emt 0:00:00]} Nf6 {[%emt 0:00:05]} 5. Bg3 {[%emt 0:00:00]} d6 {[%emt 0:00:08]} 6. Nc3 {[%emt 0:00:07]} e6 {[%emt 0:01:34]} 7. h4 {[%emt 0:03:05]} Rg8 {[%emt 0:00:06]} 8. hxg5 {[%emt 0:00:05]} hxg5 {[%emt 0:00:05]} 9. Qd2 {[%emt 0:00:04]} Qe7 {[%emt 0:04:56]} 10. O-O-O {[%emt 0:01:39]} a6 {[%emt 0:04:51]} 11. a3 {[%emt 0:02:33]} b5 {[%emt 0:03:09]} 12. d5 {[%emt 0:02:42]} e5 {[%emt 0:05:55]} 13. Bd3 {[%emt 0:09:48]} Qf7 {[%emt 0:13:49]} 14. Qe1 {[%emt 0:18:36]} c5 {[%emt 0:03:12]} 15. dxc6 {[%emt 0:02:46]} Be6 {[%emt 0:10:53]} 16. c7 {[%emt 0:12:10]} Nc6 {[%emt 0:03:35]} 17. f3 {[%emt 0:08:58]} b4 {[%emt 0:08:31]} 18. axb4 {[%emt 0:06:05]} Qxc7 {[%emt 0:03:50]} 19. e4 {[%emt 0:01:40]} Nxb4 {[%emt 0:03:44]} 20. exf5 {[%emt 0:00:24]} Nxd3+ {[%emt 0:00:36]} 21. Rxd3 {[%emt 0:01:10]} Bxf5 {[%emt 0:00:49]} 22. Ne4 {[%emt 0:06:34]} Bxe4 {[%emt 0:02:57]} 23. fxe4 {[%emt 0:00:05]} Qc4 {[%emt 0:02:39]} 24. Nf3 {[%emt 0:03:38]} Qxe4 {[%emt 0:08:06]} 25. Qa5 {[%emt 0:03:57]} Rc8 {[%emt 0:02:20]} 26. Kb1 {[%emt 0:01:35]} Be7 {[%emt 0:02:42]} 27. Re1 {[%emt 0:00:55]} Qb7 {[%emt 0:01:40]} 28. Nxe5 {[%emt 0:05:21]} dxe5 {[%emt 0:01:05]} 29. Bxe5 {[%emt 0:03:30]} Kf8 {[%emt 0:01:14]} 30. Rf3 {[%emt 0:02:40]} Rg6 {[%emt 0:00:49]} 31. Ref1 {[%emt 0:02:07]} Rc6 {[%emt 0:02:29]} 32. Qd5 {[%emt 0:01:48]} Qb5 {[%emt 0:01:12]} 33. Qd4 {[%emt 0:01:20]} Kf7 {[%emt 0:00:58]} 34. Rf5 {[%emt 0:00:37]} Qc4 {[%emt 0:01:06]} 35. Qf2 {[%emt 0:00:28]} a5 {[%emt 0:00:43]} 36. b3 {[%emt 0:00:11]} Qa6 {[%emt 0:00:33]} 37. Qf3 {[%emt 0:00:21]} a4 {[%emt 0:01:18]} 38. Qd5+ {[%emt 0:00:54]} Ke8 {[%emt 0:00:52]} 39. Bxf6 {[%emt 0:00:53]} axb3 {[%emt 0:00:05]} 40. cxb3 {[%emt 0:00:35]} Rcxf6 {[%emt 0:01:10]} 41. Rxf6 {[%emt 0:00:19]} Rxf6 {[%emt 0:00:30]} 42. Qg8+ {[%emt 0:00:13]} Kd7 {[%emt 0:00:35]} 43. Qd5+ {[%emt 0:00:16]} Rd6 {[%emt 0:00:18]} 44. Qf5+ {[%emt 0:00:06]} Kd8 {[%emt 0:00:04]} 45. Rf3 {[%emt 0:01:24]} Rd1+ {[%emt 0:00:39]} 46. Kc2 {[%emt 0:00:05]} Qe2+ {[%emt 0:00:03]} 47. Kc3 {[%emt 0:00:02]} Qd2+ {[%emt 0:00:03]} 48. Kc4 {[%emt 0:00:04]} Qb4# {[%emt 0:00:03] Kd4 [%emt 00:00:08]} 0-1

[Event "Kragero Resort Chess A 2019"]
[Site "Kragero"]
[Date "2019.02.22"]
[Round "4.4"]
[White "Lie, Kjetil A."]
[Black "Kaasen, Tor Fredrik"]
[Result "0-1"]
[WhiteElo "2538"]
[BlackElo "2387"]
[Annotator "TA"]
[PlyCount "86"]
[EventDate "2019.02.20"]
[EventType "swiss"]
[EventCountry "NOR"]
[SourceTitle "playchess.com"]
[Source "ChessBase"]
[SourceQuality "1"]

{[%evp 11,86,0,0,0,0,-6,7,-2,16,13,37,0,7,0,0,0,75,72,74,72,66,68,51,41,79,66,82,78,78,88,140,149,133,86,89,89,89,91,91,105,101,103,104,78,89,88,371,57,56,-16,-17,-83,-90,-80,-18,-16,0,-27,-41,-540,-537,-533,-533,-511,-511,-502,-462,-991,-970,-958,-949,-918,-724,-857,-814,-5795,-5318]} 1. Nf3 Nf6 2. c4 g6 3. b4 Bg7 4. Bb2 O-O 5. e3 b6 6. Be2 c5 7. a3 {A15: English Opening: 1...Nf6} Nc6 8. Qb3 e6 9. d4 $146 {The position is equal.} ({Predecessor:} 9. O-O d5 10. Rc1 d4 11. exd4 cxd4 12. d3 {0-1 (28) Meskovs,N (2469)-Romanov,E (2635) Fagernes 2016}) 9... d5 10. Nbd2 Rb8 11. O-O dxc4 12. Qxc4 Nd7 $1 13. Qc2 Qe7 (13... cxd4 $1 $11 14. Qxc6 d3 15. Bxg7 (15. Bxd3 Bxb2 16. Rab1 Ne5 $11) 15... dxe2 16. Bxf8 exf1=N 17. Rxf1 Nxf8) 14. Rab1 (14. dxc5 {keeps more tension.} Bxb2 15. Qxb2 bxc5 16. Rfc1 Bb7 17. b5) 14... Nd8 15. dxc5 Bxb2 16. Rxb2 bxc5 17. bxc5 {Strongly threatening Rxb8.} Rxb2 18. Qxb2 Nxc5 19. Rc1 Ndb7 20. Ne5 Qf6 ({Better is} 20... Bd7) 21. Ndf3 Nd7 22. Rxc8 {[%mdl 64] Remove Defender, Decoy} Rxc8 23. Qxb7 {[%mdl 64] Double Attack} Rc1+ 24. Bf1 Nxe5 25. Qb8+ {[%mdl 64] Double Attack} Kg7 26. Nxe5 Qf5 27. g4 Qe4 {next ...Rc5 is good for Black.} 28. Qb2 Rc2 $2 {[%mdl 8192] [#]} (28... Qb1 $16 29. Qxb1 Rxb1) 29. Qa1 $2 (29. Qb1 $1 $18) 29... f6 $14 30. Nd3 (30. Qd1 $1 $14 fxe5 31. Bd3 {[%mdl 64] Double Attack}) 30... Qxg4+ $11 31. Kh1 (31. Bg2 $11 {remains equal.}) 31... Rd2 $40 {[%mdl 128] Black attacks with force.} 32. Qd4 Qf3+ (32... Qxd4 $17 33. exd4 Ra2) 33. Kg1 $11 e5 34. Qxa7+ Kh6 {And now ...Qg4+ would win.} 35. Qa5 $2 {[%mdl 8192]} ({White must play} 35. Qa4 $1 $15) 35... Qg4+ $19 {Black is clearly winning.} 36. Kh1 Rd1 {[%cal Rd1f1]} 37. Ne1 Qe4+ 38. Kg1 {[#]} Qb1 $1 39. Qa6 (39. Qb5 $142 Rxe1 40. Qxb1 Rxb1 41. Kg2) 39... Rxe1 40. h3 Qf5 41. Kg2 Qe4+ 42. Kg3 f5 43. Kh2 Qf3 {Accuracy: White = 39%, Black = 55%.} 0-1

[Event "Kragero Resort Chess A 2019"]
[Site "Kragero"]
[Date "2019.02.22"]
[Round "4.4"]
[White "Lie, Kjetil A."]
[Black "Kaasen, Tor Fredrik"]
[Result "1-0"]
[WhiteElo "2538"]
[BlackElo "2387"]
[Annotator "ChessBase"]
[PlyCount "77"]
[EventDate "2019.02.20"]
[EventType "swiss"]
[EventCountry "NOR"]
[SourceTitle "playchess.com"]
[Source "ChessBase"]
[SourceQuality "1"]
[TimeControl "5400+30"]

1. b3 {[%emt 0:00:00]} e5 {[%emt 0:01:24]} 2. Bb2 {[%emt 0:00:09]} Nc6 {[%emt 0:00:10]} 3. e3 {[%emt 0:00:11]} Nf6 {[%emt 0:00:17]} 4. Nf3 {[%emt 0:00:28]} e4 {[%emt 0:01:10]} 5. Nd4 {[%emt 0:00:18]} Nxd4 {[%emt 0:00:15]} 6. Bxd4 {[%emt 0:00:06]} d5 {[%emt 0:00:06]} 7. c4 {[%emt 0:00:46]} dxc4 {[%emt 0:05:56]} 8. Bxc4 {[%emt 0:01:12]} Be7 {[%emt 0:02:10]} 9. Nc3 {[%emt 0:04:53]} O-O {[%emt 0:16:13]} 10. Rc1 {[%emt 0:03:26]} Re8 {[%emt 0:01:43]} 11. O-O {[%emt 0:12:39]} c5 {[%emt 0:03:02]} 12. Bxf6 {[%emt 0:08:06]} Bxf6 {[%emt 0:00:10]} 13. f3 {[%emt 0:16:30]} Bf5 {[%emt 0:12:03]} 14. fxe4 {[%emt 0:14:53]} Bxe4 {[%emt 0:00:31]} 15. Nxe4 {[%emt 0:01:32]} Rxe4 {[%emt 0:00:10]} 16. Qf3 {[%emt 0:01:04]} Re7 {[%emt 0:03:26]} 17. Bd5 {[%emt 0:03:24]} Qa5 {[%emt 0:03:34]} 18. Bxb7 {[%emt 0:01:55]} Rd8 {[%emt 0:02:23]} 19. Be4 {[%emt 0:06:32]} Re5 {[%emt 0:04:36]} 20. d3 {[%emt 0:04:05]} Qxa2 {[%emt 0:04:09]} 21. Ra1 {[%emt 0:01:55]} Qxb3 {[%emt 0:00:49]} 22. Rxa7 {[%emt 0:00:40]} h5 {[%emt 0:07:39]} 23. Ra6 {[%emt 0:03:01]} Rde8 {[%emt 0:03:42]} 24. Rd6 {[%emt 0:01:42]} Kf8 {[%emt 0:06:58]} 25. Bc6 {[%emt 0:04:07]} Rc8 {[%emt 0:09:45]} 26. Bd7 {[%emt 0:00:24]} Rd8 {[%emt 0:01:31]} 27. Ba4 {[%emt 0:02:03]} Qb8 {[%emt 0:00:41]} 28. Rxf6 {[%emt 0:00:22]} gxf6 {[%emt 0:00:38]} 29. Qxf6 {[%emt 0:00:05]} Qc7 {[%emt 0:06:39]} 30. Qh8+ {[%emt 0:00:48]} Ke7 {[%emt 0:00:01]} 31. Rxf7+ {[%emt 0:00:26]} Kxf7 {[%emt 0:00:08]} 32. Qh7+ {[%emt 0:00:04]} Kf6 {[%emt 0:00:08]} 33. Qxc7 {[%emt 0:00:06]} Rxd3 {[%emt 0:00:04]} 34. e4 {[%emt 0:01:40]} Rd4 {[%emt 0:00:47]} 35. Bc6 {[%emt 0:00:44]} Re7 {[%emt 0:01:38]} 36. Qf4+ {[%emt 0:00:09]} Ke6 {[%emt 0:00:37]} 37. Qf5+ {[%emt 0:00:44]} Kd6 {[%emt 0:00:09]} 38. Qf6+ {[%emt 0:00:41]} Re6 {[%emt 0:00:35]} 39. e5+ {[%emt 0:00:05]} 1-0

[Event "Kragero Resort Chess A 2019"]
[Site "Kragero"]
[Date "2019.02.22"]
[Round "4.5"]
[White "Notkevich, Benjamin Arvola"]
[Black "Stefansson, Vignir Vatnar"]
[Result "1-0"]
[WhiteElo "2498"]
[BlackElo "2263"]
[Annotator "ChessBase"]
[PlyCount "103"]
[EventDate "2019.02.20"]
[EventType "swiss"]
[EventCountry "NOR"]
[SourceTitle "playchess.com"]
[Source "ChessBase"]
[SourceQuality "1"]
[TimeControl "5400+30"]

1. e4 {[%emt 0:00:00]} e6 {[%emt 0:16:00]} 2. d4 {[%emt 0:00:00]} d5 {[%emt 0:00:46]} 3. e5 {[%emt 0:00:00]} c5 {[%emt 0:00:05]} 4. c3 {[%emt 0:00:00]} Bd7 {[%emt 0:00:05]} 5. Nf3 {[%emt 0:00:03]} Qb6 {[%emt 0:00:06]} 6. Bd3 {[%emt 0:01:29]} cxd4 {[%emt 0:05:10]} 7. cxd4 {[%emt 0:01:27]} Bb5 {[%emt 0:01:43]} 8. O-O {[%emt 0:07:45]} Bxd3 {[%emt 0:02:03]} 9. Qxd3 {[%emt 0:00:05]} Nc6 {[%emt 0:00:23]} 10. a3 {[%emt 0:01:13]} a5 {[%emt 0:03:26]} 11. Nc3 {[%emt 0:00:45]} a4 {[%emt 0:01:18]} 12. Be3 {[%emt 0:02:37]} Nge7 {[%emt 0:03:16]} 13. Rfc1 {[%emt 0:12:24]} h5 {[%emt 0:04:20]} 14. Rab1 {[%emt 0:04:34]} Nf5 {[%emt 0:03:14]} 15. Nxd5 {[%emt 0:01:44]} Qd8 {[%emt 0:01:03]} 16. Nc3 {[%emt 0:01:29]} Ra5 {[%emt 0:00:05]} 17. Rd1 {[%emt 0:02:39]} Be7 {[%emt 0:01:30]} 18. Qe4 {[%emt 0:04:23]} O-O {[%emt 0:01:37]} 19. Rd2 {[%emt 0:03:46]} Qc8 {[%emt 0:01:09]} 20. Rbd1 {[%emt 0:01:50]} Rd8 {[%emt 0:00:08]} 21. h3 {[%emt 0:06:37]} h4 {[%emt 0:01:44]} 22. Qg4 {[%emt 0:04:29]} b5 {[%emt 0:01:07]} 23. d5 {[%emt 0:10:47]} Nxe3 {[%emt 0:00:48]} 24. fxe3 {[%emt 0:00:05]} exd5 {[%emt 0:06:48]} 25. Nxd5 {[%emt 0:00:18]} Qxg4 {[%emt 0:00:35]} 26. Nxe7+ {[%emt 0:01:05]} Kf8 {[%emt 0:00:33]} 27. Rxd8+ {[%emt 0:00:53]} Nxd8 {[%emt 0:00:53]} 28. hxg4 {[%emt 0:00:06]} Kxe7 {[%emt 0:00:07]} 29. Nxh4 {[%emt 0:03:03]} g6 {[%emt 0:00:04]} 30. Rd5 {[%emt 0:00:04]} Nc6 {[%emt 0:05:55]} 31. Rc5 {[%emt 0:00:10]} Nb8 {[%emt 0:00:12]} 32. Rc7+ {[%emt 0:05:28]} Nd7 {[%emt 0:00:43]} 33. Nf3 {[%emt 0:00:06]} Ra6 {[%emt 0:04:30]} 34. Ng5 {[%emt 0:11:06]} Kd8 {[%emt 0:03:24]} 35. Rb7 {[%emt 0:00:39]} Nxe5 {[%emt 0:00:07]} 36. Rxb5 {[%emt 0:04:14]} f6 {[%emt 0:01:53]} 37. Ne4 {[%emt 0:01:42]} Nxg4 {[%emt 0:00:50]} 38. Nc5 {[%emt 0:00:10]} Rc6 {[%emt 0:03:56]} 39. e4 {[%emt 0:00:06]} Ke7 {[%emt 0:02:02]} 40. g3 {[%emt 0:00:15]} Kd6 {[%emt 0:00:10]} 41. Nxa4 {[%emt 0:00:26]} Rc2 {[%emt 0:00:13]} 42. Rd5+ {[%emt 0:00:50]} Ke7 {[%emt 0:01:10]} 43. Rc5 {[%emt 0:03:06]} Re2 {[%emt 0:00:44]} 44. b4 {[%emt 0:02:23]} Ne3 {[%emt 0:06:59]} 45. b5 {[%emt 0:01:07]} Rg2+ {[%emt 0:03:15]} 46. Kh1 {[%emt 0:00:05]} Rxg3 {[%emt 0:00:04]} 47. b6 {[%emt 0:02:39]} Rh3+ {[%emt 0:00:04]} 48. Kg1 {[%emt 0:00:04]} Rh8 {[%emt 0:00:06]} 49. Rc6 {[%emt 0:00:23]} f5 {[%emt 0:02:40]} 50. Nc5 {[%emt 0:00:45]} Nc4 {[%emt 0:00:48]} 51. b7 {[%emt 0:01:08]} Na5 {[%emt 0:00:47]} 52. Rc7+ {[%emt 0:01:15]} 1-0

[Event "Kragero Resort Chess A 2019"]
[Site "Kragero"]
[Date "2019.02.22"]
[Round "4.6"]
[White "Holm, Kristian Stuvik"]
[Black "Castellanos Rodriguez, Renier"]
[Result "1/2-1/2"]
[WhiteElo "2456"]
[BlackElo "2505"]
[Annotator "TA"]
[PlyCount "60"]
[EventDate "2019.02.20"]
[EventType "swiss"]
[EventCountry "NOR"]
[SourceTitle "playchess.com"]
[Source "ChessBase"]
[SourceQuality "1"]

{[%evp 10,60,22,20,41,32,35,31,77,82,97,98,90,93,100,100,103,103,133,97,108,91,91,91,87,74,94,76,122,105,131,54,66,66,87,74,85,75,83,44,44,44,44,44,44,44,56,36,41,0,48,0,55]} 1. d4 Nf6 2. c4 e6 3. Nc3 Bb4 4. Qc2 d6 5. Nf3 Nbd7 6. Bd2 b6 {E32: Nimzo-Indian: Classical (4 Qc2): 4...0-0} (6... e5 7. dxe5 dxe5 8. O-O-O c6 9. h3 Qe7 10. g4 Nc5 11. e3 a5 12. a3 O-O 13. Kb1 b5 14. Be1 Bxc3 15. Bxc3 {0-1 (31) Saduakassova,D (2495)-Rapport,R (2719) Abu Dhabi 2018}) 7. e4 Bb7 8. Bd3 c5 {White is slightly better.} 9. d5 e5 $146 ({Predecessor:} 9... h6 10. a3 Bxc3 11. Bxc3 O-O 12. O-O Re8 13. Rfe1 e5 14. Be2 Nf8 15. b4 {0-1 (71) Lujambio,A (1913)-Orekhov,V (2253) ICCF email 2012}) 10. a3 Bxc3 11. Bxc3 Nf8 12. h4 Ng6 13. g3 h6 14. Nd2 Bc8 15. h5 Nf8 {[%cal Bg6f8,Bf8h7,Bh7g5][%mdl 32]} 16. f3 N8h7 17. Nf1 Ng5 18. Qg2 Qe7 19. Ne3 Bd7 20. b4 (20. O-O-O $16) 20... O-O 21. Qe2 Rfc8 22. Kf2 Rab8 23. Kg2 a6 24. a4 cxb4 25. Bxb4 a5 26. Be1 Ne8 27. Bc3 Rc5 28. Bb2 Rcc8 29. Bc3 Rc5 30. Bb2 Rcc8 $1 {Accuracy: White = 55%, Black = 44%.} 1/2-1/2

[Event "Kragero Resort Chess A 2019"]
[Site "Kragero"]
[Date "2019.02.22"]
[Round "4.7"]
[White "Fossum, Oystein Boyum"]
[Black "Hasangatin, Ramil"]
[Result "0-1"]
[WhiteElo "2250"]
[BlackElo "2485"]
[Annotator "ChessBase"]
[PlyCount "48"]
[EventDate "2019.02.20"]
[EventType "swiss"]
[EventCountry "NOR"]
[SourceTitle "playchess.com"]
[Source "ChessBase"]
[SourceQuality "1"]
[TimeControl "5400+30"]

1. Nf3 {[%emt 0:00:00]} Nf6 {[%emt 0:00:42]} 2. c4 {[%emt 0:00:03]} c6 {[%emt 0:00:40]} 3. g3 {[%emt 0:01:28]} d5 {[%emt 0:00:21]} 4. Bg2 {[%emt 0:01:09]} dxc4 {[%emt 0:02:45]} 5. a4 {[%emt 0:01:03]} Qd5 {[%emt 0:10:15]} 6. Na3 {[%emt 0:04:36]} e5 {[%emt 0:01:43]} 7. O-O {[%emt 0:01:51]} e4 {[%emt 0:05:13]} 8. Ne1 {[%emt 0:01:15]} Na6 {[%emt 0:02:41]} 9. Nec2 {[%emt 0:40:17]} Bc5 {[%emt 0:03:20]} 10. d4 {[%emt 0:04:16]} cxd3 {[%emt 0:00:47]} 11. exd3 {[%emt 0:00:15]} Qxd3 {[%emt 0:03:11]} 12. Qe1 {[%emt 0:00:47]} Bg4 {[%emt 0:04:31]} 13. b4 {[%emt 0:02:44]} Be7 {[%emt 0:00:51]} 14. b5 {[%emt 0:00:56]} cxb5 {[%emt 0:03:21]} 15. axb5 {[%emt 0:00:53]} Nc5 {[%emt 0:00:14]} 16. Nb4 {[%emt 0:01:30]} Qd7 {[%emt 0:03:03]} 17. Bb2 {[%emt 0:06:20]} O-O {[%emt 0:00:38]} 18. f3 {[%emt 0:01:09]} exf3 {[%emt 0:02:42]} 19. Bxf3 {[%emt 0:02:50]} Bxf3 {[%emt 0:01:40]} 20. Rxf3 {[%emt 0:00:05]} Nce4 {[%emt 0:00:25]} 21. Nd3 {[%emt 0:01:50]} Ng5 {[%emt 0:07:47]} 22. Re3 {[%emt 0:03:39]} Nd5 {[%emt 0:01:18]} 23. Rd1 {[%emt 0:01:39]} Nxe3 {[%emt 0:02:28]} 24. Qxe3 {[%emt 0:00:04]} Qe6 {[%emt 0:00:36]} 0-1

[Event "Kragero Resort Chess A 2019"]
[Site "Kragero"]
[Date "2019.02.22"]
[Round "4.8"]
[White "Hauge, Lars Oskar"]
[Black "Nordquelle, Daniel"]
[Result "0-1"]
[WhiteElo "2476"]
[BlackElo "2235"]
[Annotator "RC"]
[PlyCount "110"]
[EventDate "2019.02.20"]
[EventType "swiss"]
[EventCountry "NOR"]
[SourceTitle "playchess.com"]
[Source "ChessBase"]
[SourceQuality "1"]
[TimeControl "5400+30"]

1. e4 {[%emt 0:00:00]} c5 {[%emt 0:00:00]} 2. Nf3 {[%emt 0:00:00]} d6 {[%emt 0:00:00]} 3. d4 {[%emt 0:00:00]} cxd4 {[%emt 0:00:03]} 4. Nxd4 {[%emt 0:00:00]} Nf6 {[%emt 0:00:06]} 5. Nc3 {[%emt 0:00:00]} a6 {[%emt 0:00:04]} 6. h3 {[%emt 0:00:01]} e5 {[%emt 0:00:16]} 7. Nb3 {[%emt 0:00:03]} Be6 {[%emt 0:06:20]} 8. f4 {[%emt 0:00:11]} g6 {[%emt 0:00:06]} 9. Qf3 {[%emt 0:00:54]} Nc6 {[%emt 0:10:13]} 10. f5 {[%emt 0:02:58]} gxf5 {[%emt 0:08:51]} 11. exf5 {[%emt 0:00:49]} Bxb3 {[%emt 0:00:05]} 12. axb3 {[%emt 0:00:04]} Nd4 {[%emt 0:00:05]} 13. Qf2 {[%emt 0:00:57]} d5 {[%emt 0:14:43]} 14. Be3 {[%emt 0:05:08]} Bb4 {[%emt 0:01:11]} 15. Bxd4 {[%emt 0:21:18]} Ne4 {[%emt 0:02:09]} 16. Bb6 {[%emt 0:00:15]} Nxf2 {[%emt 0:29:12]} 17. Bxd8 {[%emt 0:00:11]} Nxh1 {[%emt 0:01:33]} 18. Bf6 {[%emt 0:00:41]} O-O {[%emt 0:00:30]} 19. O-O-O {[%emt 0:00:30]} Bxc3 {[%emt 0:00:30]} 20. bxc3 {[%emt 0:00:30]} Ng3 {[%emt 0:00:30]} 21. Bxe5 {[%emt 0:00:30]} Nxf1 {[%emt 0:00:30]} 22. Rxf1 {[%emt 0:00:30]} f6 {[%emt 0:00:30]} 23. Bd6 {[%emt 0:00:30]} Rfe8 {[%emt 0:00:30]} 24. Kd2 {[%emt 0:00:30]} Re4 {[%emt 0:00:30]} 25. Kd3 {[%emt 0:00:30]} Kf7 {[%emt 0:00:30]} 26. Ra1 {[%emt 0:00:30]} Rd8 {[%emt 0:00:30]} 27. Bc7 {[%emt 0:00:30]} Rd7 {[%emt 0:00:30]} 28. Bb8 {[%emt 0:00:30]} h5 {[%emt 0:00:30]} 29. g3 {[%emt 0:00:30]} h4 {[%emt 0:00:30]} 30. Rg1 {[%emt 0:00:30]} Rd8 {[%emt 0:00:30]} 31. Bc7 {[%emt 0:00:30]} Rc8 {[%emt 0:00:30]} 32. Bd6 {[%emt 0:00:30]} hxg3 {[%emt 0:00:30]} 33. Rxg3 {[%emt 0:00:30]} Rh4 {[%emt 0:00:30]} 34. Kd2 {[%emt 0:00:30]} d4 {[%emt 0:00:30]} 35. c4 {[%emt 0:00:30]} Rch8 {[%emt 0:00:30]} 36. Rd3 {[%emt 0:00:30]} R8h5 {[%emt 0:00:30]} 37. Bc5 {[%emt 0:00:30]} Rxh3 {[%emt 0:00:30]} 38. Rxd4 {[%emt 0:00:30]} Rxf5 {[%emt 0:00:30]} 39. Rd7+ {[%emt 0:00:30]} Kg6 {[%emt 0:00:30]} 40. Bb6 {[%emt 0:00:30]} Rh7 {[%emt 0:00:30]} 41. Rd6 {[%emt 0:00:30]} Re7 {[%emt 0:00:30]} 42. Bd8 {[%emt 0:00:30]} Rf2+ {[%emt 0:00:30]} 43. Kc3 {[%emt 0:00:30]} Ree2 {[%emt 0:00:30]} 44. Rb6 {[%emt 0:00:30]} Rxc2+ {[%emt 0:00:30]} 45. Kb4 {[%emt 0:00:30]} Rcd2 {[%emt 0:00:30]} 46. Bc7 {[%emt 0:00:30]} Rd7 {[%emt 0:00:30]} 47. Rxb7 {[%emt 0:00:30]} Re2 {[%emt 0:00:30]} 48. Kc5 {[%emt 0:00:30]} Ree7 {[%emt 0:00:30]} 49. Kb6 {[%emt 0:00:30]} Re6+ {[%emt 0:00:30]} 50. Ka7 {[%emt 0:00:30]} Kf5 {[%emt 0:00:30]} 51. c5 {[%emt 0:00:30]} Ke4 {[%emt 0:00:30]} 52. Bb6 {[%emt 0:00:30]} Rxb7+ {[%emt 0:00:30]} 53. Kxb7 {[%emt 0:00:30]} Kd5 {[%emt 0:00:30]} 54. b4 {[%emt 0:30:01]} Kc4 {[%emt 0:23:29]} 55. c6 {[%emt 0:00:37]} Kb5 {[%emt 0:00:05]} 0-1